Enciclopedia del técnico en electrónica : equipos de sonido. Casetes, CD audio, y amplificadores
| Main Author: | |
|---|---|
| Format: | Section = Libro |
| Language: | Undetermined Spanish |
| Published: |
España
CEAC
2002
|
| Subjects: |
| LEADER | 00617nam a2200217Ia 4500 | ||
|---|---|---|---|
| 008 | 240829s9999 xx 000 0 und d | ||
| 020 | |a 84-329-8014-5 | ||
| 040 | |a BIBLIOTECA-RUSB/ Ref 621.381 R934 | ||
| 041 | |a spa | ||
| 082 | |a Ref 621.381 R934 | ||
| 100 | 1 | |a Ruiz Vassallo, Francisco | |
| 245 | 1 | 0 | |a Enciclopedia del técnico en electrónica : equipos de sonido. Casetes, CD audio, y amplificadores |
| 260 | |a España |b CEAC |c 2002 | ||
| 300 | |a 438 p. :il. | ||
| 650 | 7 | |a ELECTRONICA | |
| 650 | 7 | |b VICEO | |
| 650 | 7 | |c VIDEOGRABACION | |
| 650 | 7 | |d MAGNETOSCOPIOS | |
| 942 | |c BK |2 ddc | ||
| 991 | |a TEXTO | ||
| 999 | |c 6134 | ||